Pokémon - Lumiose City Pokédex (Pokémon Legends: Z-A) - Statistics

General Stats
  • This quiz has been taken 210 times
  • The average score is 179 of 232
Answer Stats
# Pokémon Types % Correct
001 Chikorita Grass
94%
002 Bayleef Grass
93%
006 Emboar Fire / Fighting
93%
004 Tepig Fire
93%
003 Meganium Grass
91%
005 Pignite Fire / Fighting
90%
018 Weedle Bug / Poison
90%
020 Beedrill Bug / Poison
88%
008 Croconaw Water
88%
014 Diggersby Normal / Ground
88%
009 Feraligatr Water
88%
021 Pidgey Normal / Flying
88%
053 Pikachu Electric
88%
012 Talonflame Fire / Flying
88%
007 Totodile Water
88%
010 Fletchling Normal / Flying
87%
019 Kakuna Bug / Poison
87%
023 Pidgeot Normal / Flying
87%
013 Bunnelby Normal
85%
052 Pichu Electric
85%
022 Pidgeotto Normal / Flying
85%
054 Raichu Electric
85%
153 Charizard Fire / Flying
84%
151 Charmander Fire
84%
011 Fletchinder Fire / Flying
84%
130 Garchomp Dragon / Ground
84%
032 Magikarp Water
84%
017 Vivillon Bug / Flying
84%
156 Blastoise Water
82%
215 Chesnaught Grass / Fighting
82%
213 Chespin Grass
82%
231 Diancie Rock / Fairy
82%
147 Dragonite Dragon / Flying
82%
065 Gastly Ghost / Poison
82%
067 Gengar Ghost / Poison
82%
128 Gible Dragon / Ground
82%
211 Greninja Water / Dark
82%
033 Gyarados Water / Flying
82%
181 Hawlucha Fighting / Flying
82%
092 Houndoom Dark / Fire
82%
149 Ivysaur Grass / Poison
82%
024 Mareep Electric
82%
015 Scatterbug Bug
82%
016 Spewpa Bug
82%
154 Squirtle Water
82%
037 Starmie Water / Psychic
82%
150 Venusaur Grass / Poison
82%
229 Yveltal Dark / Flying
82%
230 Zygarde Dragon / Ground
82%
074 Bellsprout Grass / Poison
81%
148 Bulbasaur Grass / Poison
81%
117 Camerupt Fire / Ground
81%
191 Chandelure Ghost / Fire
81%
152 Charmeleon Fire
81%
057 Clefable Fairy
81%
055 Cleffa Fairy
81%
219 Delphox Fire / Psychic
81%
100 Eevee Normal
81%
104 Espeon Psychic
81%
025 Flaaffy Electric
81%
209 Froakie Water
81%
107 Glaceon Ice
81%
066 Haunter Ghost / Poison
81%
102 Jolteon Electric
81%
106 Leafeon Grass
81%
136 Lucario Fighting / Steel
81%
133 Mawile Steel / Fairy
81%
227 Metagross Steel / Psychic
81%
116 Numel Fire / Ground
81%
070 Scolipede Bug / Poison
81%
141 Sharpedo Water / Dark
81%
138 Slowbro Water / Psychic
81%
036 Staryu Water
81%
198 Steelix Steel / Ground
81%
105 Umbreon Dark
81%
076 Victreebel Grass / Poison
81%
075 Weepinbell Grass / Poison
81%
228 Xerneas Fairy
81%
026 Ampharos Electric
79%
225 Beldum Steel / Psychic
79%
056 Clefairy Fairy
79%
146 Dragonair Dragon
79%
145 Dratini Dragon
79%
085 Electrike Electric
79%
121 Excadrill Ground / Steel
79%
217 Fennekin Fire
79%
103 Flareon Fire
79%
039 Floette Fairy
79%
210 Frogadier Water
79%
129 Gabite Dragon / Ground
79%
090 Gallade Psychic / Fighting
79%
089 Gardevoir Psychic / Fairy
79%
091 Houndour Dark / Fire
79%
086 Manectric Electric
79%
226 Metang Steel / Psychic
79%
197 Onix Rock / Ground
79%
046 Pyroar Fire / Normal
79%
087 Ralts Psychic / Fairy
79%
177 Scizor Bug / Steel
79%
108 Sylveon Fairy
79%
101 Vaporeon Water
79%
068 Venipede Bug / Poison
79%
155 Wartortle Water
79%
064 Alakazam Psychic
78%
218 Braixen Fire
78%
131 Carbink Rock / Fairy
78%
224 Drampa Normal / Dragon
78%
038 Flabébé Fairy
78%
040 Florges Fairy
78%
171 Froslass Ice / Ghost
78%
170 Glalie Ice
78%
179 Heracross Bug / Fighting
78%
190 Lampent Ghost / Fire
78%
189 Litwick Ghost / Fire
78%
127 Machamp Fighting
78%
126 Machoke Fighting
78%
047 Pancham Fighting
78%
048 Pangoro Fighting / Dark
78%
176 Scyther Bug / Flying
78%
137 Slowpoke Water / Psychic
78%
062 Abra Psychic
76%
192 Aerodactyl Rock / Flying
76%
199 Aron Steel / Rock
76%
112 Banette Ghost
76%
035 Barbaracle Rock / Water
76%
034 Binacle Rock / Water
76%
140 Carvanha Water / Dark
76%
063 Kadabra Psychic
76%
088 Kirlia Psychic / Fairy
76%
206 Larvitar Rock / Ground
76%
045 Litleo Fire / Normal
76%
125 Machop Fighting
76%
186 Noibat Flying / Dragon
76%
178 Pinsir Bug
76%
207 Pupitar Rock / Ground
76%
214 Quilladin Grass
76%
135 Riolu Fighting
76%
132 Sableye Dark / Ghost
76%
122 Sandile Ground / Dark
76%
139 Slowking Water / Psychic
76%
169 Snorunt Ice
76%
208 Tyranitar Rock / Dark
76%
069 Whirlipede Bug / Poison
76%
173 Abomasnow Grass / Ice
75%
201 Aggron Steel / Rock
75%
051 Dedenne Electric / Fairy
75%
072 Doublade Steel / Ghost
75%
120 Drilbur Ground
75%
043 Espurr Psychic
75%
071 Honedge Steel / Ghost
75%
084 Medicham Fighting / Psychic
75%
044 Meowstic Psychic
75%
232 Mewtwo Psychic
75%
187 Noivern Flying / Dragon
75%
172 Snover Grass / Ice
75%
183 Trevenant Ghost / Grass
75%
142 Tynamo Electric
75%
134 Absol Dark
74%
073 Aegislash Steel / Ghost
74%
196 Aurorus Rock / Ice
74%
168 Delibird Ice / Flying
74%
162 Dragalge Poison / Dragon
74%
144 Eelektross Electric
74%
205 Gourgeist Ghost / Grass
74%
202 Helioptile Electric / Normal
74%
188 Klefki Steel / Fairy
74%
123 Krokorok Ground / Dark
74%
124 Krookodile Ground / Dark
74%
081 Panpour Water
74%
077 Pansage Grass
74%
079 Pansear Fire
74%
182 Phantump Ghost / Grass
74%
204 Pumpkaboo Ghost / Grass
74%
222 Salamence Dragon / Flying
74%
111 Shuppet Ghost
74%
082 Simipour Water
74%
078 Simisage Grass
74%
080 Simisear Fire
74%
216 Skarmory Steel / Flying
74%
161 Skrelp Poison / Water
74%
193 Tyrunt Rock / Dragon
74%
094 Altaria Dragon / Flying
72%
195 Amaura Rock / Ice
72%
220 Bagon Dragon
72%
143 Eelektrik Electric
72%
212 Falinks Fighting
72%
042 Gogoat Grass
72%
167 Goodra Dragon
72%
165 Goomy Dragon
72%
200 Lairon Steel / Rock
72%
160 Malamar Dark / Psychic
72%
083 Meditite Fighting / Psychic
72%
185 Scrafty Dark / Fighting
72%
221 Shelgon Dragon
72%
041 Skiddo Grass
72%
098 Swirlix Fairy
72%
049 Trubbish Poison
72%
061 Arbok Poison
71%
060 Ekans Poison
71%
050 Garbodor Poison
71%
203 Heliolisk Electric / Normal
71%
159 Inkay Dark / Psychic
71%
184 Scraggy Dark / Fighting
71%
166 Sliggoo Dragon
71%
099 Slurpuff Fairy
71%
096 Spritzee Fairy
71%
093 Swablu Normal / Flying
71%
194 Tyrantrum Rock / Dragon
71%
097 Aromatisse Fairy
69%
058 Spinarak Bug / Poison
69%
059 Ariados Bug / Poison
68%
095 Audino Normal
68%
029 Budew Grass / Poison
68%
157 Stunfisk Ground / Electric
68%
114 Vanillish Ice
68%
113 Vanillite Ice
68%
115 Vanilluxe Ice
68%
175 Avalugg Ice
66%
174 Bergmite Ice
66%
180 Emolga Electric / Flying
66%
158 Furfrou Normal
66%
030 Roselia Grass / Poison
66%
031 Roserade Grass / Poison
66%
163 Clauncher Water
65%
164 Clawitzer Water
65%
223 Kangaskhan Normal
63%
110 Lopunny Normal
63%
027 Patrat Normal
63%
028 Watchog Normal
63%
109 Buneary Normal
62%
118 Hippopotas Ground
59%
119 Hippowdon Ground
59%
No matching quizzes found
Score Distribution
Percent of People with Each Score
Percentile by Number Answered
Your Score History
You have not taken this quiz